Spatial-temporal analysis of wooded grassland ecosystem for management of wildlife habitats using landsat imageries (Record no. 112527)

MARC details
000 -LEADER
fixed length control field 01100cad a22002415a 4500
001 - CONTROL NUMBER
control field E153462
008 - FIXED-LENGTH DATA ELEMENTS--GENERAL INFORMATION
fixed length control field 110801s2011 xxk f 000 0 eng d
020 1# - INTERNATIONAL STANDARD BOOK NUMBER
International Standard Book Number 9781842197059
035 ## - SYSTEM CONTROL NUMBER
System control number (Sirsi) u153462
041 0# - LANGUAGE CODE
Language code of text/sound track or separate title eng
100 1# - MAIN ENTRY--PERSONAL NAME
Personal name Deus, Dorothea
245 00 - TITLE STATEMENT
Title Spatial-temporal analysis of wooded grassland ecosystem for management of wildlife habitats using landsat imageries
Medium [electronic resource]
260 ## - PUBLICATION, DISTRIBUTION, ETC.
Place of publication, distribution, etc. London
Name of publisher, distributor, etc. RICS
Date of publication, distribution, etc. 2011
490 #0 - SERIES STATEMENT
Series statement RICS Findings in Built and Rural Environments
520 ## - SUMMARY, ETC.
Summary, etc. Looks at the way in which spatial and temporal variation analysis of wooded grassland ecosystems can be used in the sustainable management and conservation of such areas. The study examines the changes which took place in Tarangire national park in Tanzania between 1979 and 2009.
521 ## - TARGET AUDIENCE NOTE
Target audience note Advanced
590 ## - LOCAL NOTE (RLIN)
Local note KA
651 #4 - SUBJECT ADDED ENTRY--GEOGRAPHIC NAME
Geographic name Tanzania
690 ## - LOCAL SUBJECT ADDED ENTRY--TOPICAL TERM (OCLC, RLIN)
Topical term or geographic name as entry element ENVIRONMENTAL AND LAND CONSULTANCY-LAND MANAGEMENT
700 1# - ADDED ENTRY--PERSONAL NAME
Personal name Gloaguen, Richard
856 40 - ELECTRONIC LOCATION AND ACCESS
Uniform Resource Identifier <a href="https://www.rics.org/site/download_feed.aspx?fileID=9951&fileExtension=PDF">https://www.rics.org/site/download_feed.aspx?fileID=9951&fileExtension=PDF</a>
Public note Broken link - not available
942 ## - ADDED ENTRY ELEMENTS (KOHA)
Suppress in OPAC 0
Holdings
Withdrawn status Lost status Source of classification or shelving scheme Damaged status Not for loan Home library Current library Shelving location Date acquired Total Checkouts Full call number Barcode Date last seen Copy number Price effective from Koha item type
    Dewey Decimal Classification     Virtual Virtual Online 01/08/2011   ONLINE PUBLICATION 153462-1001 06/08/2019 1 06/08/2019 Book